<?xml version="1.0" encoding="UTF-8"?>
<record
    xmlns:xsi="http://www.w3.org/2001/XMLSchema-instance"
    xsi:schemaLocation="http://www.loc.gov/MARC21/slim http://www.loc.gov/standards/marcxml/schema/MARC21slim.xsd"
    xmlns="http://www.loc.gov/MARC21/slim">

  <leader>00406nam a22001337a 4500</leader>
  <controlfield tag="005">20260306133036.0</controlfield>
  <controlfield tag="008">260306b        |||||||| |||| 00| 0 eng d</controlfield>
  <datafield tag="041" ind1=" " ind2=" ">
    <subfield code="a">Mar.</subfield>
  </datafield>
  <datafield tag="100" ind1=" " ind2=" ">
    <subfield code="a">&#x915;&#x941;&#x932;&#x915;&#x930;&#x94D;&#x923;&#x940;, &#x939;&#x930;&#x940;</subfield>
    <subfield code="9">216834</subfield>
  </datafield>
  <datafield tag="245" ind1=" " ind2=" ">
    <subfield code="a">&#x936;&#x94D;&#x930;&#x940; &#x91C;&#x94D;&#x91E;&#x93E;&#x928;&#x947;&#x936;&#x94D;&#x935;&#x930;&#x940; : &#x90F;&#x915; &#x905;&#x935;&#x932;&#x94B;&#x915;&#x928;  ( &#x905;&#x935;&#x93E;&#x902;&#x924;&#x930; )</subfield>
  </datafield>
  <datafield tag="260" ind1=" " ind2=" ">
    <subfield code="a">Pune</subfield>
    <subfield code="b">Shreeguru</subfield>
  </datafield>
  <datafield tag="300" ind1=" " ind2=" ">
    <subfield code="a">117</subfield>
  </datafield>
  <datafield tag="942" ind1=" " ind2=" ">
    <subfield code="c">JN</subfield>
  </datafield>
  <datafield tag="999" ind1=" " ind2=" ">
    <subfield code="c">370570</subfield>
    <subfield code="d">370570</subfield>
  </datafield>
  <datafield tag="952" ind1=" " ind2=" ">
    <subfield code="0">0</subfield>
    <subfield code="1">0</subfield>
    <subfield code="2">ddc</subfield>
    <subfield code="4">0</subfield>
    <subfield code="7">0</subfield>
    <subfield code="a">SSMM</subfield>
    <subfield code="b">SSMM</subfield>
    <subfield code="d">2026-03-06</subfield>
    <subfield code="e">&#x921;&#x949;. &#x92A;&#x94D;&#x930;&#x940;&#x924;&#x940;, &#x92A;&#x94B;&#x939;&#x947;&#x915;&#x930; </subfield>
    <subfield code="g">90.00</subfield>
    <subfield code="i">790</subfield>
    <subfield code="l">0</subfield>
    <subfield code="p">SSMM-BK-29479</subfield>
    <subfield code="r">2026-03-06 13:31:41</subfield>
    <subfield code="w">2026-03-06</subfield>
    <subfield code="y">JN</subfield>
    <subfield code="z">010029479</subfield>
  </datafield>
</record>
